[Event "CAN-ch University"]
[Site "Kingston CAN"]
[Date "2016.01.09"]
[Round "2"]
[White "Dukic, Zachary"]
[Black "Patel, Nikesh"]
[Result "1-0"]
[WhiteElo "2082"]
[BlackElo "1559"]
[PlyCount "109"]
[EventDate "2016.01.09"]
[EventType "team"]
[EventRounds "5"]
[EventCountry "CAN"]

1. e4 c5 2. c3 d6 3. d4 cxd4 4. cxd4 e6 5. Nf3 Nf6 6. Nc3 Be7 7. Bd3 O-O 8. O-O
Nc6 9. a3 b6 10. Qc2 h6 11. e5 dxe5 12. dxe5 Nd7 13. Rd1 a6 14. Qe2 Qc7 15. Bf4
Bb7 16. Rac1 Nc5 17. Bb1 Rfd8 18. b4 Nb3 19. Qc2 Bg5 20. Bxg5 hxg5 21. Qxb3 g4
22. Rxd8+ Rxd8 23. b5 Na5 24. Qc2 g6 25. Ne1 Qxe5 26. bxa6 Bxa6 27. Qe4 Qg5 28.
Qe3 Qxe3 29. fxe3 Nc4 30. Bd3 b5 31. Bxc4 bxc4 32. Nc2 Rd2 33. Ne4 Re2 34. Ng3
Rd2 35. Nb4 Bb7 36. Rc2 c3 37. Kf1 Bxg2+ 38. Ke1 Rxc2 39. Nxc2 f5 40. Ne2 Be4
41. Kd1 Kf7 42. Nxc3 Bc6 43. Ke2 e5 44. Nb4 Bb7 45. Nd3 Ba6 46. Kd2 e4 47. Nc5
Bc8 48. Nd5 g5 49. Ke2 Be6 50. Nxe6 Kxe6 51. Nc3 Ke5 52. a4 f4 53. a5 g3 54.
hxg3 fxg3 55. a6 1-0

[Event "CAN-ch University"]
[Site "Kingston CAN"]
[Date "2016.01.09"]
[Round "2"]
[White "MacKinnon, Keith"]
[Black "Marin, Samuel"]
[Result "0-1"]
[WhiteElo "2280"]
[BlackElo "2047"]
[PlyCount "54"]
[EventDate "2016.01.09"]
[EventType "team"]
[EventRounds "5"]
[EventCountry "CAN"]

1. e4 e5 2. Nf3 d6 3. d4 exd4 4. Nxd4 Nf6 5. Nc3 Be7 6. Bf4 Nc6 7. Qd2 a6 8.
O-O-O O-O 9. f3 Ne5 10. Qf2 b5 11. Bxe5 dxe5 12. Nc6 Qe8 13. Nxe5 b4 14. Nd5
Nxd5 15. Rxd5 Be6 16. Ra5 Bf6 17. Nd3 Qd8 18. Nc5 Bd4 19. Nxe6 fxe6 20. Qe1 c5
21. Rxa6 Qf6 22. c3 bxc3 23. b3 Rxa6 24. Bxa6 Qg5+ 25. Kd1 Qxg2 26. Be2 Bf2 27.
Qf1 Qg5 0-1

[Event "CAN-ch University"]
[Site "Kingston CAN"]
[Date "2016.01.09"]
[Round "2"]
[White "Qian, Owen"]
[Black "Allard, Laurent"]
[Result "1-0"]
[WhiteElo "1982"]
[BlackElo "2067"]
[PlyCount "83"]
[EventDate "2016.01.09"]
[EventType "team"]
[EventRounds "5"]
[EventCountry "CAN"]

1. d4 Nf6 2. c4 g6 3. Nc3 Bg7 4. e4 d6 5. Nf3 O-O 6. Be2 e5 7. O-O Nc6 8. d5
Ne7 9. b4 a5 10. Ba3 axb4 11. Bxb4 Nd7 12. Ne1 f5 13. Nd3 b6 14. f3 Bh6 15. Kh1
Be3 16. a4 Bd4 17. a5 bxa5 18. Rxa5 Rxa5 19. Bxa5 Bxc3 20. Bxc3 fxe4 21. fxe4
Nf6 22. Bf3 Ba6 23. c5 Qb8 24. Re1 Qb5 25. cxd6 cxd6 26. Nxe5 dxe5 27. Bxe5 Qd3
28. Qa1 Nh5 29. Be2 Qxe2 30. Rxe2 Bxe2 31. Kg1 Rf1+ 32. Qxf1 Bxf1 33. Kxf1 Ng7
34. Ke2 Kf7 35. Kd3 Ne8 36. Kd4 Nc8 37. Kc5 Ke7 38. Bf4 Ned6 39. e5 Ne4+ 40.
Kc6 Na7+ 41. Kb6 g5 42. Be3 1-0

[Event "CAN-ch University"]
[Site "Kingston CAN"]
[Date "2016.01.09"]
[Round "2"]
[White "Voloaca, Misha"]
[Black "Cormier, Adam"]
[Result "1-0"]
[WhiteElo "2333"]
[BlackElo "2172"]
[PlyCount "59"]
[EventDate "2016.01.09"]
[EventType "team"]
[EventRounds "5"]
[EventCountry "CAN"]

1. d4 d5 2. c4 e6 3. cxd5 exd5 4. Nc3 Be7 5. Bf4 c6 6. Qc2 Nf6 7. h3 Nbd7 8.
Nf3 a5 9. g4 O-O 10. e3 Re8 11. Bd3 Nf8 12. Ne5 N6d7 13. Nf3 Nf6 14. O-O-O b5
15. Ne5 Qb6 16. Rdg1 N6d7 17. h4 Nxe5 18. Bxe5 Be6 19. g5 Rec8 20. Kb1 c5 21.
dxc5 Bxc5 22. h5 d4 23. Bxh7+ Nxh7 24. g6 f6 25. gxh7+ Kh8 26. h6 Ra7 27. Qg6
Bf8 28. Bxd4 Qb7 29. Bxf6 Bxa2+ 30. Nxa2 1-0

[Event "CAN-ch University"]
[Site "Kingston CAN"]
[Date "2016.01.09"]
[Round "2"]
[White "Wang, Zihan"]
[Black "Knox, Christopher"]
[Result "0-1"]
[WhiteElo "1764"]
[BlackElo "2311"]
[PlyCount "102"]
[EventDate "2016.01.09"]
[EventType "team"]
[EventRounds "5"]
[EventCountry "CAN"]

1. d4 Nf6 2. c4 e6 3. Nf3 b6 4. Nc3 Bb4 5. a3 Bxc3+ 6. bxc3 Ne4 7. Qc2 f5 8. g4
O-O 9. gxf5 exf5 10. Rg1 Kh8 11. Bh3 d6 12. Ng5 Nxg5 13. Bxg5 Qe8 14. O-O-O Nc6
15. Rd3 Qf7 16. Rf3 Na5 17. e4 Nxc4 18. Bxf5 Nxa3 19. Qb2 Nc4 20. Qb4 c5 21.
Qa4 Bxf5 22. Rxf5 Qe6 23. Rxf8+ Rxf8 24. Qxa7 Qf7 25. Qxf7 Rxf7 26. Be3 Nxe3
27. fxe3 Rf2 28. h4 Rh2 29. Rg4 g6 30. Rf4 Kg7 31. e5 dxe5 32. dxe5 Re2 33. Rf3
Ra2 34. Rf6 Re2 35. Rf3 Ra2 36. e4 Ra7 37. Rf6 Re7 38. Rxb6 Rxe5 39. Rc6 Rxe4
40. Rxc5 Rxh4 41. Kd2 h5 42. Rg5 Kf6 43. Rg3 Rf4 44. Kd3 h4 45. Rg1 g5 46. c4
g4 47. c5 Kg5 48. c6 h3 49. c7 Rf8 50. Rc1 h2 51. Rh1 g3 0-1

[Event "CAN-ch University"]
[Site "Kingston CAN"]
[Date "2016.01.09"]
[Round "2"]
[White "Yao, Houji"]
[Black "Eilon, Lavi"]
[Result "1-0"]
[WhiteElo "1860"]
[BlackElo "1914"]
[PlyCount "55"]
[EventDate "2016.01.09"]
[EventType "team"]
[EventRounds "5"]
[EventCountry "CAN"]

1. e4 c5 2. Nf3 d6 3. d4 cxd4 4. Nxd4 Nf6 5. Nc3 g6 6. Be3 Bg7 7. f3 O-O 8. Qd2
Nc6 9. Bc4 Bd7 10. O-O-O Rc8 11. Bb3 Ne5 12. Kb1 Nc4 13. Bxc4 Rxc4 14. g4 h5
15. gxh5 Nxh5 16. Nce2 b5 17. Bh6 Be6 18. Bxg7 Kxg7 19. b3 Rc5 20. f4 Bg4 21.
Rhg1 Bxe2 22. Nxe2 e6 23. Qxd6 Qxd6 24. Rxd6 Nf6 25. Ng3 Rc3 26. f5 exf5 27.
exf5 Ng4 28. Ne4 1-0

[Event "CAN-ch University"]
[Site "Kingston CAN"]
[Date "2016.01.09"]
[Round "3"]
[White "Cormier, Adam"]
[Black "Gelet, Seymour"]
[Result "1/2-1/2"]
[WhiteElo "2172"]
[BlackElo "2079"]
[PlyCount "43"]
[EventDate "2016.01.09"]
[EventType "team"]
[EventRounds "5"]
[EventCountry "CAN"]

1. d4 d5 2. c4 e6 3. Nf3 c6 4. b3 Nf6 5. g3 Bd6 6. Bg2 O-O 7. O-O Qe7 8. Bb2
Ne4 9. Nbd2 f5 10. Ne5 Nd7 11. f3 Nxe5 12. Nxe4 Nxc4 13. bxc4 fxe4 14. fxe4
Rxf1+ 15. Qxf1 dxc4 16. Qc1 b5 17. e5 Bc7 18. Bxc6 Rb8 19. a4 a6 20. axb5 axb5
21. Ra7 Qd8 22. e3 1/2-1/2

[Event "CAN-ch University"]
[Site "Kingston CAN"]
[Date "2016.10.09"]
[Round "3"]
[White "Knox, Christopher"]
[Black "Ilic, Lazar"]
[Result "1-0"]
[WhiteElo "2311"]
[BlackElo "1516"]
[PlyCount "41"]
[EventDate "2016.01.09"]
[EventType "team"]
[EventRounds "5"]
[EventCountry "CAN"]

1. d4 d5 2. Nf3 e6 3. e3 Nf6 4. Bd3 Nbd7 5. b3 c5 6. Bb2 Be7 7. Nbd2 a6 8. a4
Rb8 9. Qe2 Qc7 10. O-O cxd4 11. exd4 O-O 12. c4 Re8 13. Ne5 Nf8 14. Rfc1 dxc4
15. bxc4 Ng6 16. Nxg6 hxg6 17. Nf3 Nd7 18. a5 Bb4 19. c5 Bxa5 20. d5 Nxc5 21.
Be5 1-0

[Event "CAN-ch University"]
[Site "Kingston CAN"]
[Date "2016.01.09"]
[Round "3"]
[White "Mai, Lloyd"]
[Black "Dunne, Francesco"]
[Result "0-1"]
[WhiteElo "2358"]
[BlackElo "2165"]
[PlyCount "66"]
[EventDate "2016.01.09"]
[EventType "team"]
[EventRounds "5"]
[EventCountry "CAN"]

1. e4 e5 2. Nf3 Nc6 3. Bc4 Nf6 4. d3 Bc5 5. c3 O-O 6. O-O d6 7. Bb3 Bb6 8. Nbd2
Ne7 9. Nc4 Ng6 10. Nxb6 axb6 11. h3 Qe7 12. Be3 h6 13. Qd2 Kh7 14. Nh2 Nh5 15.
d4 Nhf4 16. f3 Be6 17. Bxe6 Qxe6 18. a4 f5 19. b4 Qc4 20. g3 Ne2+ 21. Kf2 Nxg3
22. Kxg3 f4+ 23. Bxf4 Nxf4 24. d5 h5 25. Rf2 c6 26. Nf1 cxd5 27. exd5 Rf6 28.
Rh2 Nd3 29. Kg2 Qxd5 30. Qe3 Rc8 31. Ra3 Rxf3 32. c4 Rxe3+ 33. cxd5 Nf4+ 0-1

[Event "CAN-ch University"]
[Site "Kingston CAN"]
[Date "2016.01.09"]
[Round "3"]
[White "Saulnier-Legault, Lea"]
[Black "Gonsalves, Ryan"]
[Result "1/2-1/2"]
[WhiteElo "1610"]
[BlackElo "1640"]
[PlyCount "64"]
[EventDate "2016.01.09"]
[EventType "team"]
[EventRounds "5"]
[EventCountry "CAN"]

1. e4 c5 2. Nc3 g6 3. g3 Bg7 4. f4 d6 5. Nf3 e6 6. Bg2 Ne7 7. O-O Bd7 8. d3 b5
9. Ne2 Nbc6 10. c3 O-O 11. Be3 b4 12. e5 Qc7 13. d4 cxd4 14. cxd4 Rac8 15. Rc1
Qa5 16. Qb3 Qa6 17. Rfe1 Nd5 18. Bf2 Na5 19. Qd1 Bb5 20. Rxc8 Rxc8 21. Nd2 Bd3
22. Ne4 Rc2 23. exd6 Rxe2 24. d7 Rxe1+ 25. Bxe1 Bxd4+ 26. Bf2 Bxf2+ 27. Nxf2
Qd6 28. Nxd3 Qxd7 29. Nxb4 Nc4 30. Nxd5 exd5 31. Qxd5 Qxd5 32. Bxd5 Nxb2
1/2-1/2

[Event "CAN-ch University"]
[Site "Kingston CAN"]
[Date "2016.01.09"]
[Round "3"]
[White "Trottier, Emile"]
[Black "Inigo, Aquino"]
[Result "1-0"]
[WhiteElo "2084"]
[BlackElo "2227"]
[PlyCount "51"]
[EventDate "2016.01.09"]
[EventType "team"]
[EventRounds "5"]
[EventCountry "CAN"]

1. e4 e6 2. d4 d5 3. e5 c5 4. c3 Nc6 5. Nf3 Qb6 6. a3 c4 7. Be2 Bd7 8. O-O Na5
9. Nbd2 Be7 10. g3 O-O-O 11. Rb1 Kb8 12. b3 cxb3 13. c4 Ba4 14. c5 Qc6 15. Bb2
Nh6 16. Bc3 Nc4 17. Qc1 Nxd2 18. Nxd2 Ka8 19. Nxb3 b6 20. cxb6 axb6 21. Qd2 Rc8
22. Bb4 Qd7 23. Rb2 Rc7 24. Rfb1 Rb8 25. Bxe7 Qxe7 26. Nc5 1-0

[Event "CAN-ch University"]
[Site "Kingston CAN"]
[Date "2016.01.09"]
[Round "3"]
[White "Voloaca, Misha"]
[Black "Derraugh, Geordie"]
[Result "1-0"]
[WhiteElo "2333"]
[BlackElo "2338"]
[PlyCount "131"]
[EventDate "2016.01.09"]
[EventType "team"]
[EventRounds "5"]
[EventCountry "CAN"]

1. d4 Nf6 2. c4 g6 3. f3 d5 4. cxd5 Nxd5 5. e4 Nb6 6. Nc3 Bg7 7. Be3 O-O 8. Qd2
Nc6 9. e5 Nb4 10. Ne4 a5 11. a3 Nc6 12. Rd1 Qd5 13. Ne2 a4 14. N2c3 Qa5 15. Bh6
Rd8 16. Bxg7 Kxg7 17. Qf2 Nd5 18. Bb5 Qb6 19. Bxc6 Qxc6 20. Nxd5 Qxd5 21. Qh4
Bf5 22. O-O Re8 23. Nc3 Qe6 24. Rd2 h5 25. h3 Qb6 26. Kh2 c6 27. Ne2 Qd8 28.
Ng3 e6 29. Qf4 Rh8 30. h4 Qe7 31. Rfd1 Rad8 32. Nf1 g5 33. hxg5 Kg6 34. Ne3
Qxg5 35. Qxg5+ Kxg5 36. Nc4 Rd5 37. Nd6 Rxd6 38. exd6 Rd8 39. Kg3 Rxd6 40. Kf2
Rd5 41. Rc1 Rd6 42. Rc4 b5 43. Rc5 Kf6 44. Ke3 Ke7 45. Kf4 f6 46. Ke3 Bg6 47.
Rd1 e5 48. Rd2 Ke6 49. Rc1 Be8 50. dxe5 fxe5 51. Rxd6+ Kxd6 52. Rd1+ Ke6 53.
Rd8 Ke7 54. Rc8 Kd7 55. Ra8 Bg6 56. Rg8 Bf7 57. Rg7 Ke7 58. Ke4 Kf6 59. Rxf7+
Kxf7 60. Kxe5 c5 61. Kd5 b4 62. Kxc5 bxa3 63. bxa3 h4 64. Kd5 Kf6 65. Ke4 Ke6
66. Kf4 1-0

[Event "CAN-ch University"]
[Site "Kingston CAN"]
[Date "2016.01.10"]
[Round "4"]
[White "Bao, Tony"]
[Black "Voloaca, Misha"]
[Result "0-1"]
[WhiteElo "1999"]
[BlackElo "2333"]
[PlyCount "82"]
[EventDate "2016.01.09"]
[EventType "team"]
[EventRounds "5"]
[EventCountry "CAN"]

1. d4 Nf6 2. Bg5 e6 3. e4 h6 4. Bxf6 Qxf6 5. c3 d6 6. Bd3 Qg5 7. Bf1 Nd7 8. Nf3
Qe7 9. Nbd2 g6 10. Bd3 Bg7 11. Qe2 a6 12. O-O O-O 13. h3 e5 14. dxe5 dxe5 15.
Bc4 Kh7 16. Ne1 Nf6 17. Nd3 Bd7 18. Rad1 Rae8 19. Rfe1 b5 20. Bb3 c5 21. c4 Bc6
22. f3 Rd8 23. Bc2 Nh5 24. b3 Rd4 25. g4 Nf6 26. Nf2 Ne8 27. Nf1 Nc7 28. Bd3
Ne6 29. Ng3 Qh4 30. Kh2 b4 31. Rd2 Bf6 32. Rdd1 Bg5 33. Ngh1 Rfd8 34. Qf1 Bf4+
35. Kg2 h5 36. Qg1 Ng5 37. Re2 hxg4 38. hxg4 Kg7 39. Ree1 Rh8 40. Be2 Bh2 41.
Qf1 Ne6 0-1

[Event "CAN-ch University"]
[Site "Kingston CAN"]
[Date "2016.01.10"]
[Round "4"]
[White "Dunne, Francesco"]
[Black "Gladstone, Simon"]
[Result "0-1"]
[WhiteElo "2165"]
[BlackElo "2152"]
[PlyCount "56"]
[EventDate "2016.01.09"]
[EventType "team"]
[EventRounds "5"]
[EventCountry "CAN"]

1. e4 e6 2. d4 d5 3. Nd2 Nf6 4. Bd3 c5 5. c3 Nc6 6. Ngf3 Qb6 7. e5 Nd7 8. O-O
cxd4 9. cxd4 Nxd4 10. Nxd4 Qxd4 11. Nf3 Qg4 12. Bd2 Be7 13. Re1 O-O 14. Rc1 f6
15. exf6 Nxf6 16. Re5 Ne4 17. h3 Qg6 18. Qe2 Rxf3 19. Qxf3 Nxd2 20. Qe3 Ne4 21.
Bxe4 dxe4 22. Qxe4 Qxe4 23. Rxe4 Bf6 24. Rc7 e5 25. Kf1 Be6 26. b3 Bd5 27. Rg4
Bc6 28. f4 exf4 0-1

[Event "CAN-ch University"]
[Site "Kingston CAN"]
[Date "2016.01.10"]
[Round "4"]
[White "Ilic, Lazar"]
[Black "Wang, Zihan"]
[Result "0-1"]
[WhiteElo "1516"]
[BlackElo "1753"]
[PlyCount "122"]
[EventDate "2016.01.09"]
[EventType "team"]
[EventRounds "5"]
[EventCountry "CAN"]

1. d4 d5 2. c4 e6 3. Nf3 Nf6 4. Bg5 Be7 5. e3 Nbd7 6. Nc3 b6 7. cxd5 Nxd5 8.
Bxe7 Qxe7 9. Nxd5 exd5 10. a3 O-O 11. Bd3 c5 12. O-O c4 13. Bc2 b5 14. a4 b4
15. b3 a5 16. Nd2 Ba6 17. Qh5 Nf6 18. Qe5 Qxe5 19. dxe5 cxb3 20. Bxb3 Bxf1 21.
exf6 Be2 22. Re1 Bg4 23. h3 Be6 24. fxg7 Kxg7 25. Nf3 Rac8 26. Nd4 Rc3 27. Re2
Rfc8 28. Kh2 R8c5 29. Rd2 Kf6 30. Kg3 Bc8 31. Kf4 Ba6 32. Rb2 Bf1 33. Kg3 Bc4
34. Bc2 Bd3 35. Bd1 Rc8 36. Bb3 Ke5 37. Kf3 Be4+ 38. Ke2 Bxg2 39. h4 Be4 40.
Rd2 R8c5 41. f3 Bf5 42. Rd1 Be6 43. Rg1 Rxe3+ 44. Kxe3 Rc3+ 45. Ke2 Kxd4 46.
Rd1+ Ke5 47. f4+ Ke4 48. f5 Rxb3 49. fxe6 Rb2+ 50. Kf1 fxe6 51. Re1+ Kf5 52.
Re3 e5 53. Rd3 Ke4 54. Rh3 h5 55. Rg3 b3 56. Rg7 Rc2 57. Rb7 b2 58. Ke1 Rc1+
59. Kd2 b1=Q 60. Rxb1 Rxb1 61. Kc2 Rh1 0-1

[Event "CAN-ch University"]
[Site "Kingston CAN"]
[Date "2016.01.10"]
[Round "4"]
[White "Lo, Ryan"]
[Black "Knox, Christopher"]
[Result "0-1"]
[WhiteElo "2190"]
[BlackElo "2311"]
[PlyCount "56"]
[EventDate "2016.01.09"]
[EventType "team"]
[EventRounds "5"]
[EventCountry "CAN"]

1. d4 Nf6 2. c4 e6 3. Nc3 Bb4 4. e3 O-O 5. Bd3 d5 6. Nf3 c5 7. O-O dxc4 8. Bxc4
Nbd7 9. Qe2 a6 10. a3 Ba5 11. Bd2 b5 12. Ba2 Bb6 13. Rad1 Bb7 14. dxc5 Nxc5 15.
Bb1 Nb3 16. e4 Nxd2 17. Rxd2 Qe7 18. e5 Nd5 19. Qe4 g6 20. Nxd5 Bxd5 21. Qf4 f6
22. Rxd5 exd5 23. Qh4 Rae8 24. exf6 Qxf6 25. Qh6 Re2 26. Ba2 Rd8 27. Rd1 Rxb2
28. Rxd5 Rxa2 0-1

[Event "CAN-ch University"]
[Site "Kingston CAN"]
[Date "2016.01.10"]
[Round "4"]
[White "MacKinnon, Keith"]
[Black "Mai, Lloyd"]
[Result "1/2-1/2"]
[WhiteElo "2280"]
[BlackElo "2358"]
[PlyCount "59"]
[EventDate "2016.01.09"]
[EventType "team"]
[EventRounds "5"]
[EventCountry "CAN"]

1. e4 g6 2. d4 Bg7 3. Nc3 d6 4. Be3 Nd7 5. Nf3 Ngf6 6. h3 O-O 7. Qd2 a6 8. e5
Ne8 9. Bc4 Nb6 10. Bb3 d5 11. O-O c6 12. Bh6 Nc7 13. Rae1 Bf5 14. g4 Be6 15.
Ne2 Nc4 16. Qc1 Qd7 17. Ng3 b5 18. c3 f5 19. exf6 exf6 20. Bxg7 Kxg7 21. Bc2
Rae8 22. b3 Nd6 23. Qf4 Bg8 24. Rxe8 Rxe8 25. Re1 Rxe1+ 26. Nxe1 Ne6 27. Qe3
Ng5 28. Kg2 a5 29. Nd3 Nge4 30. f3 1/2-1/2

[Event "CAN-ch University"]
[Site "Kingston CAN"]
[Date "2016.01.10"]
[Round "4"]
[White "Pace, Christopher"]
[Black "Ferreira, Alex"]
[Result "1/2-1/2"]
[WhiteElo "2210"]
[BlackElo "2057"]
[PlyCount "39"]
[EventDate "2016.01.09"]
[EventType "team"]
[EventRounds "5"]
[EventCountry "CAN"]

1. d4 d5 2. c4 dxc4 3. Nf3 Nf6 4. Nc3 e6 5. Qa4+ Nbd7 6. Qxc4 c5 7. dxc5 Bxc5
8. g3 Qc7 9. Qb3 Qb6 10. Qxb6 Nxb6 11. Bg2 Nbd5 12. Nxd5 Nxd5 13. O-O Bd7 14.
Bd2 O-O 15. Rac1 Rac8 16. e4 Nf6 17. Ne5 Bb5 18. Rfd1 Bd4 19. Nf3 Bb6 20. Ne5
1/2-1/2

[Event "CAN-ch University"]
[Site "Kingston CAN"]
[Date "2016.01.10"]
[Round "4"]
[White "Song, Guang"]
[Black "Dukic, Zachary"]
[Result "0-1"]
[WhiteElo "1860"]
[BlackElo "2082"]
[PlyCount "96"]
[EventDate "2016.01.09"]
[EventType "team"]
[EventRounds "5"]
[EventCountry "CAN"]

1. d4 Nf6 2. Nf3 g6 3. c4 Bg7 4. Nc3 O-O 5. e4 d6 6. Be2 e5 7. O-O Nc6 8. d5
Ne7 9. h3 Nh5 10. Ne1 Nf4 11. Bxf4 exf4 12. Nd3 g5 13. h4 h6 14. g4 Ng6 15. h5
Ne5 16. Nxe5 Bxe5 17. Qd3 Bd7 18. Rac1 a5 19. a3 Qf6 20. Rfd1 Ra6 21. Rd2 f3
22. Qxf3 Qxf3 23. Bxf3 Bf4 24. Rcd1 Bxd2 25. Rxd2 Rd8 26. Be2 Raa8 27. Nb5 Rac8
28. Rc2 Kf8 29. Na7 Ra8 30. Nb5 Rdc8 31. Nd4 c6 32. f3 Rab8 33. Nf5 Bxf5 34.
gxf5 cxd5 35. exd5 b5 36. b3 bxc4 37. Rxc4 Rxc4 38. Bxc4 Ke7 39. Kf2 Kf6 40. b4
axb4 41. axb4 Rxb4 42. Bd3 Ke5 43. Be4 Rxe4 44. fxe4 Kxe4 45. Kg3 Kxf5 46. Kf3
g4+ 47. Kg3 Kg5 48. Kf2 Kxh5 0-1

[Event "CAN-ch University"]
[Site "Kingston CAN"]
[Date "2016.01.10"]
[Round "5"]
[White "Dunne, Francesco"]
[Black "Lavi, Eilon"]
[Result "1-0"]
[WhiteElo "2165"]
[BlackElo "1914"]
[PlyCount "43"]
[EventDate "2016.01.09"]
[EventType "team"]
[EventRounds "5"]
[EventCountry "CAN"]

1. e4 c5 2. Nf3 d6 3. d4 cxd4 4. Nxd4 Nf6 5. Nc3 g6 6. Be3 Bg7 7. f3 O-O 8. Qd2
Nc6 9. O-O-O d5 10. exd5 Nxd5 11. Nxc6 bxc6 12. Bd4 Qc7 13. Bxg7 Kxg7 14. h4 h5
15. Bc4 Nf6 16. g4 Bb7 17. g5 Nd5 18. Rhe1 Nb6 19. Qd4+ Kg8 20. Kb1 c5 21. Qd3
Rad8 22. Qxg6+ 1-0

[Event "CAN-ch University"]
[Site "Kingston CAN"]
[Date "2016.01.10"]
[Round "5"]
[White "Gladstone, Simon"]
[Black "MacKinnon, Keith"]
[Result "1-0"]
[WhiteElo "2152"]
[BlackElo "2280"]
[PlyCount "65"]
[EventDate "2016.01.09"]
[EventType "team"]
[EventRounds "5"]
[EventCountry "CAN"]

1. e4 d5 2. exd5 Qxd5 3. Nf3 Nf6 4. Nc3 Qd6 5. Bc4 a6 6. a4 Bg4 7. d3 Nc6 8. h3
Bh5 9. g4 Bg6 10. Be3 e6 11. Nd2 Qe5 12. Qe2 Nd4 13. Bxd4 Qxd4 14. Nb3 Qf4 15.
Qe3 Bd6 16. O-O-O h5 17. g5 Nd7 18. d4 h4 19. Be2 O-O-O 20. Kb1 Qxe3 21. fxe3
Bb4 22. Bd3 Bh5 23. Ne2 Be7 24. Rhg1 Nb6 25. Rdf1 Nxa4 26. Nf4 Nb6 27. g6 Bxg6
28. Bxg6 fxg6 29. Nxe6 Rd6 30. Rxg6 Re8 31. e4 Bf6 32. d5 Re7 33. Rfxf6 1-0

[Event "CAN-ch University"]
[Site "Kingston CAN"]
[Date "2016.01.10"]
[Round "5"]
[White "Ilic, Lazar"]
[Black "D'Souza, Justin"]
[Result "0-1"]
[WhiteElo "1516"]
[BlackElo "1758"]
[PlyCount "156"]
[EventDate "2016.01.09"]
[EventType "team"]
[EventRounds "5"]
[EventCountry "CAN"]

1. d4 e6 2. c4 Nf6 3. Nc3 d5 4. Bg5 Be7 5. e3 h6 6. Bh4 b6 7. cxd5 exd5 8. h3
Bb7 9. Bd3 Nbd7 10. Nf3 O-O 11. O-O Ne4 12. Bxe7 Qxe7 13. Nd2 f5 14. Rc1 c5 15.
dxc5 Ndxc5 16. Bxe4 dxe4 17. Nb3 Nd3 18. Rc2 Rad8 19. Nd4 f4 20. Rd2 f3 21. g3
Rxd4 22. exd4 Qd7 23. Kh2 Bc8 24. g4 Qd6+ 25. Kh1 Qf4 26. Nxe4 Qxe4 27. Rxd3
Bxg4 28. Re3 Qf4 29. Qb3+ Kh8 30. Rg1 Bxh3 31. Rg3 Bg2+ 32. Rxg2 fxg2+ 33. Kxg2
Qxf2+ 34. Kh3 Qf1+ 35. Kg3 Qf4+ 36. Kh3 Qxd4 37. Rg3 Qd7+ 38. Kg2 Rd8 39. Qc3
Qd2+ 40. Kh3 Qxc3 41. Rxc3 Rd7 42. Kg4 g6 43. Rc4 Kg7 44. a4 h5+ 45. Kh4 Kh6
46. Kg3 Rd6 47. b4 g5 48. b5 Rd3+ 49. Kg2 Ra3 50. Rc6+ Kg7 51. Rc7+ Kf6 52.
Rxa7 Kf5 53. a5 bxa5 54. b6 h4 55. b7 Rb3 56. Rxa5+ Kg4 57. Ra4+ Kh5 58. Ra7
h3+ 59. Kh2 g4 60. Ra5+ Kh4 61. Ra8 Rb2+ 62. Kg1 Rxb7 63. Ra3 Rf7 64. Kh2 Rf2+
65. Kg1 Rf3 66. Ra1 Kg3 67. Kh1 h2 68. Rd1 Kh3 69. Rd3 Kg3 70. Rd1 Kf2 71. Rd2+
Ke3 72. Rd1 g3 73. Kg2 Ke2 74. Rb1 Rd3 75. Rb2+ Rd2 76. Rb3 Rd1 77. Rb2+ Kd3
78. Rb3+ Kc4 0-1

[Event "CAN-ch University"]
[Site "Kingston CAN"]
[Date "2016.01.10"]
[Round "5"]
[White "Knox, Christopher"]
[Black "Barlow Wilkes, Curtis"]
[Result "1/2-1/2"]
[WhiteElo "2311"]
[BlackElo "1988"]
[PlyCount "109"]
[EventDate "2016.01.09"]
[EventType "team"]
[EventRounds "5"]
[EventCountry "CAN"]

1. d4 d5 2. c4 c6 3. Nf3 Nf6 4. e3 e6 5. b3 Nbd7 6. Bd3 Bd6 7. Bb2 b6 8. Nbd2
Bb7 9. O-O O-O 10. Ne5 c5 11. Qc2 cxd4 12. exd4 Rc8 13. f4 Rc7 14. Rae1 Bb4 15.
a3 Bxd2 16. Qxd2 Ne4 17. Qe2 f5 18. Bxe4 dxe4 19. Rd1 Nxe5 20. dxe5 Qc8 21. a4
Rd8 22. Ba3 Rxd1 23. Rxd1 Rd7 24. Bd6 Qc6 25. Qe3 a6 26. Rc1 h6 27. Kf2 g5 28.
g3 Rg7 29. Rg1 b5 30. fxg5 hxg5 31. cxb5 Qc2+ 32. Qe2 e3+ 33. Kxe3 f4+ 34. Kf2
fxg3+ 35. Rxg3 Rf7+ 36. Ke3 Qe4+ 37. Kd2 Qd4+ 38. Kc1 Rf1+ 39. Qxf1 Qa1+ 40.
Kc2 Qxf1 41. Rxg5+ Kf7 42. bxa6 Qe2+ 43. Kc3 Bxa6 44. Rg3 Qxh2 45. Rf3+ Ke8 46.
Rf8+ Kd7 47. Rf7+ Kc6 48. Rc7+ Kb6 49. Kb4 Qd2+ 50. Ka3 Bd3 51. Rc8 Be4 52.
Rb8+ Ka7 53. Rb5 Qc1+ 54. Kb4 Qe1+ 55. Ka3 1/2-1/2

[Event "CAN-ch University"]
[Site "Kingston CAN"]
[Date "2016.01.10"]
[Round "5"]
[White "Marinkovic, Mate"]
[Black "Derraugh, Geordie"]
[Result "0-1"]
[WhiteElo "2274"]
[BlackElo "2338"]
[PlyCount "86"]
[EventDate "2016.01.09"]
[EventType "team"]
[EventRounds "5"]
[EventCountry "CAN"]

1. c4 Nf6 2. g3 g6 3. Bg2 d5 4. cxd5 Nxd5 5. d4 Bg7 6. e4 Nb6 7. Ne2 c5 8. dxc5
Qxd1+ 9. Kxd1 Na4 10. Kc2 Nxc5 11. Nbc3 Nba6 12. Be3 Nb4+ 13. Kb1 b6 14. a3
Nbd3 15. b4 Ne6 16. f4 Ba6 17. Rd1 Bc4 18. e5 O-O-O 19. Be4 Nxe5 20. Rxd8+ Rxd8
21. fxe5 Bxe5 22. Ra2 Bxa2+ 23. Kxa2 Nd4 24. Bxd4 Bxd4 25. Nb5 Be5 26. Nxa7+
Kc7 27. Nb5+ Kb8 28. Kb3 Rd2 29. Nec3 Bxc3 30. Nxc3 f5 31. Bc6 e5 32. Kc4 e4
33. Kb5 Ka7 34. h3 Rd3 35. Na4 Rxa3 36. Nxb6 Rxg3 37. Nd5 e3 38. Nc3 Rxh3 39.
Kc5 Rh2 40. Bf3 Rf2 41. Be2 f4 42. Nb5+ Kb8 43. Nd4 Rxe2 0-1

[Event "CAN-ch University"]
[Site "Kingston CAN"]
[Date "2016.01.10"]
[Round "5"]
[White "Qian, Owen"]
[Black "Voloaca, Misha"]
[Result "1-0"]
[WhiteElo "1982"]
[BlackElo "2333"]
[PlyCount "93"]
[EventDate "2016.01.09"]
[EventType "team"]
[EventRounds "5"]
[EventCountry "CAN"]

1. d4 c5 2. d5 Nf6 3. c4 g6 4. Nc3 Bg7 5. Nf3 O-O 6. g3 d6 7. Bg2 e6 8. O-O
exd5 9. cxd5 Re8 10. Nd2 a6 11. a4 Nbd7 12. Nc4 Nb6 13. Na3 Rb8 14. h3 Nfd7 15.
a5 Na8 16. Ne4 Rxe4 17. Bxe4 Nf6 18. Bg2 Qxa5 19. Bf4 Ne8 20. Nc4 Qd8 21. Qc1
Nac7 22. e4 f6 23. b4 cxb4 24. Rb1 Nb5 25. Rxb4 Bd7 26. Qb1 Rc8 27. Be3 f5 28.
Nb6 fxe4 29. Nxc8 Nc3 30. Qb3 Bxc8 31. Kh2 b5 32. Bd4 a5 33. Bxg7 axb4 34. Bxc3
bxc3 35. Qxc3 Nf6 36. Qc6 Bf5 37. Ra1 Qe7 38. Qxb5 h5 39. Qb8+ Kf7 40. Ra7 Nd7
41. Qh8 Qe8 42. Qh7+ Kf6 43. Bf1 Qf7 44. Qh8+ Ke7 45. Ra8 Nf8 46. Bb5 Bd7 47.
Rxf8 1-0

[Event "CAN-ch University"]
[Site "Kingston CAN"]
[Date "2016.01.10"]
[Round "5"]
[White "Wang, Zihan"]
[Black "Lo, Ryan"]
[Result "1-0"]
[WhiteElo "1753"]
[BlackElo "2190"]
[PlyCount "73"]
[EventDate "2016.01.09"]
[EventType "team"]
[EventRounds "5"]
[EventCountry "CAN"]

1. d4 Nf6 2. c4 g6 3. Nc3 d5 4. cxd5 Nxd5 5. e4 Nxc3 6. bxc3 c5 7. Bb5+ Bd7 8.
Bxd7+ Qxd7 9. Be3 Bg7 10. e5 Nc6 11. Ne2 O-O 12. O-O Rfd8 13. Rb1 cxd4 14. cxd4
Na5 15. f4 e6 16. Qd3 Rac8 17. Rfc1 a6 18. Kf2 Bf8 19. Bd2 Nc6 20. Ke3 Bh6 21.
Kf2 Ne7 22. Ba5 Rxc1 23. Rxc1 Rc8 24. g3 Rxc1 25. Nxc1 Qd5 26. Nb3 Qh1 27. Qf1
Qxh2+ 28. Qg2 Qxg2+ 29. Kxg2 Nd5 30. Bd8 Bf8 31. Na5 b6 32. Nc4 b5 33. Nd6 Bxd6
34. exd6 Kf8 35. d7 Nb4 36. Ba5 Ke7 37. d8=Q# 1-0